000 00501nam a2200193Ia 4500
008 151121s9999||||xx |||||||||||||| ||und||
082 _a530/Per
082 _bHNW-41225
100 _aPerelman Ya।
245 _aPhysics For Entertainment - Book Two
260 _bMir Pub।
260 _c--
300 _a330
600 _aPerelman Ya।
630 _aPhysics For Entertainment - Book Two
700 _aPerelman Ya।
730 _aPhysics For Entertainment - Book Two
942 _cBOOK
999 _c1230345
_d1230342